Normal view
MARC view
- Oberlender , Garold (Gary) D
Entry Personal Name
001 - CONTROL NUMBER
- control field: 133743
003 - CONTROL NUMBER IDENTIFIER
- control field: NUST
005 - DATE AND TIME OF LATEST TRANSACTION
- control field: 20260317112321.0
008 - FIXED-LENGTH DATA ELEMENTS
- fixed length control field: 260317|| aca||aabn | a|a d
040 ## - CATALOGING SOURCE
- Original cataloging agency: NUST
- Transcribing agency: NUST
100 ## - HEADING--PERSONAL NAME
- Personal name: Oberlender , Garold (Gary) D
670 ## - SOURCE DATA FOUND
- Source citation: Work cat.: (NUST): Oberlender , Garold (Gary) D. , Project Management for Engineering and Construction /, 2014.
